000 00445nam a22001817a 4500
003 MPLRDC
005 20220104113814.0
008 210129b ||||| |||| 00| 0 eng d
082 _a857.45 NGB-12 v.7
100 _a南宫搏
245 _a李青眉
_c
250 _a初版
260 _a台湾
_b尧舜出版事业有限公司
_c1981
300 _b408
490 _a尧舜丛刊; 7
650 _a历史小说
942 _cBK
_o857.45 NGB-12 v.7
999 _c2500
_d2490